| 000 | 01270cab a2200241 4500 | ||
|---|---|---|---|
| 001 | ABS68631 | ||
| 008 | 050114n2004 000 0 eng u | ||
| 035 | _a(Sirsi) u128526 | ||
| 100 | _aLawrence, V. | ||
| 245 | _aPutting GIS on the map | ||
| 260 | _c2004 | ||
| 490 |
_aRICS Business _vNovember/December 2004, 24-25(2) |
||
| 520 | _aExplains how new Geographical Information Systems (GIS) are helping improve performance in the construction and property industry. Describes how GIS works and gives examples of its successful application in major projects such as the reshaping of entire landscapes down to speeding up the planning of a housing development or a single site. Considers the use of GIS by practitioners from customised services bought in from specialist providers to desk-top applications on a single PC or on a single enterprise system. View the article at www.rics.org. | ||
| 590 | _aABS | ||
| 650 | _aGIS | ||
| 650 | _aPERFORMANCE MANAGEMENT | ||
| 650 | _aPLANNING | ||
| 650 | _aCONSTRUCTION INDUSTRY | ||
| 650 | _aPROPERTY INDUSTRY | ||
| 690 |
_aGeomatics _96242 |
||
| 856 |
_uhttps://www.rics.org/RICSservices/RICSjournalsandmagazines/RICSBusiness/rics_bus_nov_dec2004_gis_map.htm _zView the article on the RICS website... |
||
| 942 | _n0 | ||
| 999 |
_c74718 _d74718 |
||